| 000 | 00663cab a2200229 4500 | ||
|---|---|---|---|
| 001 | ABS58475 | ||
| 008 | 090401t1998 xxu||||| |||| 00| 0 eng d | ||
| 035 | _a(Sirsi) u85338 | ||
| 041 | _aeng | ||
| 100 | _aKent, L. | ||
| 245 | _aPayment in unkind | ||
| 260 | _c1998 | ||
| 350 | _a0 | ||
| 490 |
_aBuilding _v263(13) 27 March 1998, 33(1) |
||
| 520 | _aLooks at payments into court in "Charm Maritime Inc v Elborne Mitchell" and the level of protection they give against legal costs. | ||
| 650 | _aCHARM MARITIME INC V ELBORNE MITCHELL | ||
| 650 | _aLEGAL COSTS | ||
| 650 | _aPAYMENTS INTO COURT | ||
| 690 | _aLAW | ||
| 942 | _n0 | ||
| 948 | _c31/03/1998 | ||
| 999 |
_c53659 _d53659 |
||